Score 0/25 Timer 05:00
2 Plays Today
Hint Answer % Correct
Baywatch
92.7%
The Flintstones
88.6%
The A-Team
87.8%
Modern Family
81.6%
Star Trek: The Next Generation
75.6%
The Munsters
72.9%
Game of Thrones
70.9%
I Dream of Jeannie
69.4%
Little House on the Prairie
68.6%
My Name Is Earl
68.1%
Curb Your Enthusiasm
64.4%
Everybody Hates Chris
62.6%
Downton Abbey
58.7%
Hint Answer % Correct
Prison Break
56%
The Big Bang Theory
55.7%
MacGyver
55.1%
Saved by the Bell
52.3%
Fawlty Towers
49.5%
The Waltons
47.6%
The Odd Couple
38.4%
Miami Vice
37%
Parks and Recreation
32.8%
Perfect Strangers
31.2%
True Detective
11.9%
Peyton Place
10.3%
Remove Ads.
Support Sporcle.
Get the best of Sporcle when you Go Orange. This ad-free experience offers more features, more stats, and more fun while also helping to support Sporcle. Thank you for becoming a member.

You're not logged in!

Compare scores with friends on all Sporcle quizzes.
OR
Log In

Show Comments

Extras

Top Quizzes Today


Score Distribution

Your Account Isn't Verified!

In order to create a playlist on Sporcle, you need to verify the email address you used during registration. Go to your Sporcle Settings to finish the process.

Report this User

Report this user for behavior that violates our Community Guidelines.

Details: